| LEADER 00000nam 2200000uu 4500 |
| 001 39253 |
| 003 ULIBM |
| 008 020711s2568 th a 000 0 tha d |
| 020 9786166194487 |
| 060 WM 165 น587ก |
| 100 นิดา ลิ้มสุวรรณ |
| 245 การทำร้ายตัวเองในเด็กและวัยรุ่น=(Self-Harm in Chidren and Adolescents)/นิดา ลิ้มสุวรรณ |
| 250 พิมพ์ครั้งที่ 2 |
| 260 กรุงเทพฯ :^bจุฬาลงกรณ์มหาวิทยาลัย,^c2568 |
| 300 228 หน้า ;^c30 ซม. |
| 650 Self-injurious behavior in children |
| 650 Self-injurious behavior in adolescence |
| 650 Self-harm—Prevention |
| 650 Children—Mental health |
| 650 Teenagers—Mental health |
| 650 การทำร้ายตนเองในเด็ก |
| 650 การทำร้ายตนเองในวัยรุ่น |
| 650 สุขภาพจิตเด็ก |
| 650 สุขภาพจิตวัยรุ่น |
| 650 พฤติกรรมเสี่ยงในเด็กและวัยรุ่น |
| 710 ภาควิชาจิตเวชศาสตร์ คณะแพทยศาสตร์ โรงพยาบาลรามาธิบดี มหาวิทยาลัยมหิดล |
| 999 ^aฐานิตา โสภะสุนทร |